01075 2200181 4500001002100000005001500021035002000036245008700056100002000143250001700163300003400180260003100214082001100245084001700256020002200273650001800295520058000313INLIS00000000000099420250323070208 a0010-03250000901 aSeri Dunia Bawah Laut :bIkan Badut dan Penghuni Terumbu Karang /cSirazat Alviesa0 aSirazat Alviesa acetakan ke-1 aii, 22 hlm :bilus ;c25,5 cm aSolo :bTiga Ananda,c2019 a551.42 a551.42 SIR s a978-623-206-277-1 4aNonfiksi anak aTahukah kamu terumbu karang terbentuk dari apa Lebih menariknya lagi ternyata terumbu karang juga menjadi tempat tinggal bagi sebagian binatang laut seperti ikan badut Wah selain ikan badut kira kira binatang apa saja yang hidup di terumbu karang ya Penasaran kan Langsung kita simak yuk Tahukah kamu terumbu karang terbentuk dari apa Lebih menariknya lagi ternyata terumbu karang juga menjadi tempat tinggal bagi sebagian binatang laut seperti ikan badut Wah selain ikan badut kira kira binatang apa saja yang hidup di terumbu karang ya Penasaran kan Langsung kita simak yuk